000 00820nam a22002657a 4500
001 4127
003 FISKH
005 20250211085634.0
008 240607b cb ||||| |||| 00| 0 eng d
020 _a059030092-x
040 _aFISKH
_beng
_cFISKH
_dFISKH
050 _aPZ7.M849
082 _a423
100 _aMoskin Marietta
_d1928-2011
245 _aDay of the blizzard /
_cMarietta Moskin
260 _aNew York :
_bScholastic,
_c1997
300 _a79 pages :
_billustrations ;
_c20 cm
505 _aM
520 _aEager to accomplish an errand for her sick mother, Katie braves one of New York City's severest snowstorms in history, the blizzard of 1888.
521 8 _a630
_bLexile
521 8 _aM
_bRaz-Plus
700 _aMarietta Moskin
942 _2ddc
_cBK
_n0
999 _c4127
_d4127